Diputació Barcelona [Objecte]
Descripción Física:
1 estoig corporatiu de cartó ; 5 x 20 x 2 cm
MARC
| LEADER | 00000nam a2200000Ia 4500 | ||
|---|---|---|---|
| 001 | 22531 | ||
| 008 | 160829s9999 xx 000 0 cat d | ||
| 080 | |a NBM-4-8 | ||
| 245 | |a Diputació Barcelona [Objecte] | ||
| 260 | |a Barcelona : |b la Diputació, [2010] | ||
| 300 | |a 1 estoig corporatiu de cartó ; |c 5 x 20 x 2 cm | ||
| 590 | |a L'estoig conté: 1 llapis, 1 goma i 1 maquineta de fer punta | ||
| 710 | 1 | |a Barcelona (Catalunya : Província). |b Diputació |9 52408 | |
| 901 | |a Arxiu | ||
| 942 | |n 1 | ||
| 952 | |0 0 |1 0 |4 0 |6 NBM48 |7 1 |9 52442 |a Arxiu |b Arxiu |d 2016-12-01 |l 0 |o NBM-4-8 |p 22531 |r 2016-12-01 00:00:00 |w 2016-12-01 |y ARXIU | ||
| 999 | |c 56290 |d 56290 | ||